| 000 | 00354nam a22001217a 4500 | ||
|---|---|---|---|
| 999 |
_c3622 _d3622 |
||
| 005 | 20201209104757.0 | ||
| 008 | 201209b ||||| |||| 00| 0 eng d | ||
| 020 | _a0050041363 | ||
| 040 | _cCML | ||
| 245 |
_aLeaders of Religion Guru Nanak. _cHunt D. |
||
| 260 |
_aHong Kong _bLongman Group _c1988 |
||
| 942 |
_2ddc _cBK _e1st Edition _h261 _mHUN |
||